000 01757nam a22002657a 4500
003 PE SENCICO BE
005 20251020182711.0
008 250206b |||||||| |||| 00| 0 eng d
020 _a978-9972-45-344-1
040 _aPE SENCICO BE
_cPE SENCICO BE
041 _aspa
082 _a720.92
_bU4
110 1 _92914
_aUniversidad de Lima
245 1 _aWalter Weberhofer :
_bel proyecto moderno en el Perú /
_cUniversidad de Lima
250 _a1a ed.
260 _aLima :
_bUniversidad de Lima, Fondo editorial ;
_c2017
300 _a326 páginas :
_bilustraciones a color ;
_c26 cm.
505 0 _aEnsayos: Walter Weberhofer, un arquitecto latinoamericano -- La idea de canon en la arquitectura de Weberhofer -- Arquitectura a través de la investigación -- Artículos: Edificio Atlas 1953-1955 -- Cine Tauro 1957-1958 -- Facultad de Minas de la Universidad de Ingeniería 1965 -- Petróleos del Perú 1970-1974 -- Escuela Superior de Educación Profesional Ernest Whilem Middenfort 1973 -- Santa María: Casa Lercari 1957 -- Casa Fernandini 1957 -- Casa Matuk 1958 -- Casa Venturo 1958 -- Casa Duany 1958 -- Casa Torres Calderón 1960 -- Análisis gráfico: Morfogenésis -- Edificio Atlas 1953-1955 -- Cine Tauro 1956-1957 -- Casa Fernandini -- 1957 -- Las Sirenas 1959 -- Edificio Petroperú 1970-1974 -- Registro fotográfico: Fotografías actuales -- Casa Lercari 1957 -- Casa Fernandini 1957 -- Casa Matuk 1958 -- Casa Venturo 1958 -- Casa Duany 1958 -- Edificio Las Sirenas 1959 -- Edificio Petroperú 1970-1974 -- Edificio Bertolero 2000
600 1 0 _92915
_aWeberhofer, Walter
_d1929-2002
650 1 0 _9282
_aArquitectos
650 2 0 _9191
_aArquitectura moderna
651 1 0 _9661
_aPerú
910 _ahfp
_bhfp
_chfp
942 _2ddc
_cLIB
999 _c5089
_d5089